Gaming Quiz

Random Gaming or Marvel Quiz

Marvel Super Heroes Top Trumps 1988 Quiz Stats

 Plays Quiz not verified by Sporcle

Also try: Board Game Slogans
Challenge
Share
Tweet
Embed
Score 0/64 Timer 06:00
0 Plays Today
% Correct
Spider-man
91.4%
Captain America
88%
Hulk
88%
Iron Man
85.8%
Thor
82.8%
Wolverine
81.5%
Thing
78.7%
Mister Fantastic
76.2%
Human Torch
75.7%
Doctor Doom
75.5%
Green Goblin
70%
Invisible Woman
69.5%
Daredevil
64.4%
Hawkeye
64.4%
Doctor Octopus
64.4%
Antman
62.4%
Silver Surfer
62.4%
Galactus
59.9%
Loki
58.8%
Doctor Strange
56.2%
Black Panther
54.5%
Wasp
54.5%
She-hulk
53%
Kingpin
52.2%
Abomination
49.1%
Spider-woman
47.8%
Sandman
47.2%
Vulture
42.7%
Hobgoblin
42.5%
Captain Marvel
42.3%
Elektra
42.3%
Electro
41.2%
% Correct
Mysterio
40.6%
Nick Fury
39.9%
Rhino
39.7%
Black Cat
33.9%
Falcon
33.9%
Baron Zemo
32.4%
Sub-mariner
30.7%
Power Man
30.5%
Absorbing Man
29.2%
Nova
28.8%
Dormammu
28.8%
Goliath
27.2%
Egg Head
23.4%
Annihilus
22.7%
Wizard
22.1%
Dragon Man
21.3%
Gardener
20%
American Eagle
19.9%
Diablo
19.7%
Silver Samurai
19.1%
Aguila
18.9%
Moondragon
18.7%
Blastaar
18.7%
Mad Thinker
18.5%
Trapster
18.4%
Owl
17.8%
Plantman
16.9%
Dreadknight
15.2%
Mentallo
15%
Miracle Man
14.8%
Nitro
14.6%
Stingray
14%

You're not logged in!

Compare scores with friends on all Sporcle quizzes.
OR
Log In

You Might Also Like...

Show Comments

Extras

Top Quizzes Today


Score Distribution

Your Account Isn't Verified!

In order to create a playlist on Sporcle, you need to verify the email address you used during registration. Go to your Sporcle Settings to finish the process.

Report this User

Report this user for behavior that violates our Community Guidelines.

Details: